01444nam a2200349 a 4500001001000000005001700010041000800027044000800035084002000043100005000063245005400113260005900167300002900226440003200255500007100287500005600358500009700414500004700511500001000558546002400568650005700592650006100649650003900710650005000749700004700799700005000846740005000896902000800946942001100954999001500965952011400980BRCA_341320190320204254.0 aeng aenk a702b.H37c19301 aCervantes Saavedra, Miguel ded1547-1616921310aStories from Don QuixotecRetold by H. L. Havell. aLondres : Bombay : SidneybGeorge Harrap and Co.c1930 axix, 232 p.bil.c20 cm. 0aTold Through the Ages98958 aContenido : Prefacio del traductor. Texto compendiado de la novela aEdición : With 8 Illustrations by Ernest Marriott aEjemplar por completo igual al anterior [701]. Tela; lomo y plano adornados Lúdovik Osterc aEstado físico : Dedicatoria en la guarda aQMB10 aTexto en : inglés14aNovela españolayÉpoca clásica, 1500-1700921514aLiteratura españolayÉpoca clásica, 1500-1700921614aNovela españolaySiglo XVII921714aDon Quijote (Personaje ficticio)eNovela92181 aHavell, Herbert Lordd?-1913eEditor989591 aMarriott, Ernestd1882-1918eIlustrador989600 aEl Ingenioso Hidalgo Don Quijote de la Mancha aQFM 2lcccB c3149d3149 00104070aBRCAbBRCAd2009-04-13iQMB10l0o702 .H37 1930 (QMB10)p3410r2019-03-22 00:00:00w2019-03-22yB